| 000 | 00829cam9a220020500 4500 | ||
|---|---|---|---|
| 001 | tmp15682777 | ||
| 003 | UPRA | ||
| 005 | 20190823110647.0 | ||
| 008 | 951003s1969 gw eng u | ||
| 035 | _a(Sirsi) r57543 | ||
| 035 | _a(UPRA)tmp15682777 | ||
| 040 | _cUPRA | ||
| 100 | 1 |
_aKisselman, Eugen. _6A16578.1 |
|
| 245 | 1 | 0 |
_aKnow how to produce more sugar cane / _c[authors: Eugen Kisselmann and the Research Department of Farben-Fabriken Bayer, A.G., Leverkusen, Abteilung Pflanzenschutz ; in cooperation with Internationes, Bad Godesberg]. |
| 260 |
_aMunchen : _bBattenberg, _c[1969] |
||
| 440 | 0 |
_aKnow how. A book collection for tropical countries _pKnow how. A book collection for tropical countries _6S3624.1 |
|
| 650 | 0 |
_aSugarcane. _6S12027.1 |
|
| 949 |
_aSB231 _wlcc _i-75151 _mMAIN _tBOOK _lON-SHELF |
||
| 004 | 57543 | ||
| 999 |
_c151438 _d151438 |
||